<?xml version='1.0' encoding='UTF-8'?>
  <record xmlns="http://www.loc.gov/MARC21/slim">
    <leader>00000ctm a2200000 i 4500</leader>
    <controlfield tag="001">ocn965428901</controlfield>
    <controlfield tag="003">OCoLC</controlfield>
    <controlfield tag="005">20250917150842.2</controlfield>
    <controlfield tag="008">120411q1553    xx            000 0 lat d</controlfield>
    <datafield tag="040" ind1=" " ind2=" ">
      <subfield code="a">QGJ</subfield>
      <subfield code="b">dut</subfield>
      <subfield code="c">QGJ</subfield>
      <subfield code="d">OCLCO</subfield>
      <subfield code="d">OCLCL</subfield>
      <subfield code="d">OCLCQ</subfield>
    </datafield>
    <datafield tag="035" ind1=" " ind2=" ">
      <subfield code="a">(OCoLC)965428901</subfield>
    </datafield>
    <datafield tag="100" ind1="1" ind2=" ">
      <subfield code="a">Alciatus, Andreas,</subfield>
      <subfield code="d">1492-1550.</subfield>
      <subfield code="1">https://id.oclc.org/worldcat/entity/E39PBJf4hpJgCCXJ8BBGYdJqwC</subfield>
    </datafield>
    <datafield tag="245" ind1="1" ind2="0">
      <subfield code="a">Epistola ad Bernardum Mattium /</subfield>
      <subfield code="c">Andreas Alciatus.</subfield>
      <subfield code="f">UBU Hs. 784.</subfield>
    </datafield>
    <datafield tag="246" ind1="1" ind2=" ">
      <subfield code="a">Andreae Alciati ... Tractatus contra vitam monasticam [handschrift]</subfield>
    </datafield>
    <datafield tag="246" ind1="1" ind2=" ">
      <subfield code="a">Tractatus contra vitam monasticam [handschrift]</subfield>
    </datafield>
    <datafield tag="260" ind1=" " ind2=" ">
      <subfield code="a">[Comitis Hagae],</subfield>
      <subfield code="c">1553.</subfield>
    </datafield>
    <datafield tag="300" ind1=" " ind2=" ">
      <subfield code="a">Fol. 106-134 ;</subfield>
      <subfield code="c">200 x 160 (162 x 117) mm.</subfield>
    </datafield>
    <datafield tag="336" ind1=" " ind2=" ">
      <subfield code="a">text</subfield>
      <subfield code="b">txt</subfield>
      <subfield code="2">rdacontent</subfield>
    </datafield>
    <datafield tag="337" ind1=" " ind2=" ">
      <subfield code="a">unmediated</subfield>
      <subfield code="b">n</subfield>
      <subfield code="2">rdamedia</subfield>
    </datafield>
    <datafield tag="338" ind1=" " ind2=" ">
      <subfield code="a">volume</subfield>
      <subfield code="b">nc</subfield>
      <subfield code="2">rdacarrier</subfield>
    </datafield>
    <datafield tag="340" ind1=" " ind2=" ">
      <subfield code="a">papier.</subfield>
    </datafield>
    <datafield tag="500" ind1=" " ind2=" ">
      <subfield code="a">In het handschrift van Antonius Junius met aantekeningen in de marge van Petrus Scriverius.</subfield>
    </datafield>
    <datafield tag="500" ind1=" " ind2=" ">
      <subfield code="a">Incipit: Andreas Alciatus jurisconsultus Bernardo Mattio s. en tois hupotetachmenois nomizōn ta para tēs ekklēsias katholikēs ouk adokima Cum me Valterus Corbites ...</subfield>
    </datafield>
    <datafield tag="500" ind1=" " ind2=" ">
      <subfield code="a">De op fol. 134v vermelde datum 7 Junii 1553 kan niet de datum van het schrijven van de brief door Alciati zijn, daar deze overleed op 12 januari 1550.</subfield>
    </datafield>
    <datafield tag="500" ind1=" " ind2=" ">
      <subfield code="a">Voor gedrukte editie zie: Andreae Alciati ... Tractatus contra vitam monasticam. - Hagae Comitum : apud Gerardum Block, 1740. - P. 1-49.</subfield>
    </datafield>
    <datafield tag="562" ind1=" " ind2=" ">
      <subfield code="a">Binding note: Hs 5 F 25 dl 3 (fol. 106-134).</subfield>
      <subfield code="5">NL-UtRU</subfield>
    </datafield>
    <datafield tag="524" ind1=" " ind2=" ">
      <subfield code="a">Te citeren als: Universiteitsbibliotheek Utrecht Hs. 784.</subfield>
    </datafield>
    <datafield tag="563" ind1=" " ind2=" ">
      <subfield code="a">Perkamenten band over kartonnen platten.</subfield>
    </datafield>
    <datafield tag="581" ind1=" " ind2=" ">
      <subfield code="a">[P.A. Tiele], Catalogus codicum manu scriptorum Bibliothecae Universitatis Rheno-Trajectinae. I. Trajecti ad Rhenum / Hagae Comitis 1887. p. 201.</subfield>
    </datafield>
    <datafield tag="581" ind1=" " ind2=" ">
      <subfield code="a">Annalen van Egmond. De Annales Egmundenses tezamen met de Annales Xantenses en het Egmondse Leven van Thomas Becket. Uitg. en vert. door M. Gumbert-Hepp &amp; J.P. Gumbert. Het Chronicon Egmundanum. Uitg. door J.W.J. Burgers. Hilversum 2007. (= Middeleeuwse studies en bronnen 107). p.360 nt.22.</subfield>
    </datafield>
    <datafield tag="581" ind1=" " ind2=" ">
      <subfield code="a">Johannes de Beka, Chronographia. Uitgeg. door H. Bruch. Den Haag 1973. (= Rijks geschiedkundige publicatiën, G.S. 143). p. XIII, XXI-XXIII.</subfield>
    </datafield>
    <datafield tag="581" ind1=" " ind2=" ">
      <subfield code="a">M. Carasso-Kok, Repertorium van verhalende historische bronnen uit de middeleeuwen. Heiligenlevens, annalen, kronieken en andere in Nederland geschreven verhalende bronnen. 's-Gravenhage 1981. (= Bibliografische reeks van het Nederlands Historisch Genootschap 2). nr. 148 (fol. 98r-105v), nr. 296 (fol. 3r-96v), nr. 297 (fol. 96v-97v).</subfield>
    </datafield>
    <datafield tag="581" ind1=" " ind2=" ">
      <subfield code="a">H.P. Coster, De kroniek van Johannes de Beka. Haar bronnen en haar eerste redactie. Dissertatie Utrecht. Utrecht 1914. Nr. 5.</subfield>
    </datafield>
    <datafield tag="581" ind1=" " ind2=" ">
      <subfield code="a">P.O. Kristeller, Iter Italicum. Accedunt alia itinera. A finding list of uncatalogued or incompletely catalogued humanistic manuscripts of the Renaissance in Italian and other libraries IV (alia itinera II): Great Britain to Spain. London etc. 1989. P. 382.</subfield>
    </datafield>
    <datafield tag="581" ind1=" " ind2=" ">
      <subfield code="a">J. Romein, Geschiedenis van de Noord-Nederlandsche geschiedschrijving in de Middeleeuwen. Haarlem 1932. Daarbij: H. Bruch, Supplement. Haarlem 1956. Nr. 30.</subfield>
    </datafield>
    <datafield tag="500" ind1=" " ind2=" ">
      <subfield code="a">M. Carosso-Kok (Repertorium van verhalende historische bronnen uit de middeleeuwen identificeert Antonius Junius met Cornelius J. Mudenus.</subfield>
    </datafield>
    <datafield tag="600" ind1="1" ind2="4">
      <subfield code="a">Alciati, Andrea,</subfield>
      <subfield code="d">1492-1550.</subfield>
    </datafield>
    <datafield tag="600" ind1="1" ind2="4">
      <subfield code="a">Mattius, Bernardus.</subfield>
    </datafield>
    <datafield tag="655" ind1=" " ind2="7">
      <subfield code="a">Handschriften (vorm)</subfield>
      <subfield code="0">(NL-LeOCL)088143309.</subfield>
      <subfield code="2">gtt</subfield>
    </datafield>
    <datafield tag="700" ind1="1" ind2=" ">
      <subfield code="a">Junius, Antonius.</subfield>
    </datafield>
    <datafield tag="700" ind1="1" ind2=" ">
      <subfield code="a">Scriverius, Petrus.</subfield>
    </datafield>
    <datafield tag="700" ind1="1" ind2=" ">
      <subfield code="a">Scriverius, Petrus,</subfield>
      <subfield code="e">former owner.</subfield>
      <subfield code="4">fmo</subfield>
      <subfield code="5">NL-UtRU</subfield>
    </datafield>
    <datafield tag="856" ind1="4" ind2="1">
      <subfield code="u">http://objects.library.uu.nl/reader/resolver.php?obj=002429978&amp;type=2</subfield>
      <subfield code="x">Online</subfield>
      <subfield code="z">Full Text</subfield>
    </datafield>
    <datafield tag="936" ind1=" " ind2=" ">
      <subfield code="a">BATCHLOAD</subfield>
    </datafield>
  </record>